|
|
|
|
| LEADER |
00606cam a2200205 a 4500 |
| 001 |
0000068028 |
| 005 |
20050726090000.0 |
| 040 |
|
|
|a mod
|
| 041 |
|
|
|a eng
|
| 020 |
0 |
0 |
|a 0737715839
|
| 090 |
0 |
0 |
|a 956.05
|b MID
|e 2003
|
| 245 |
0 |
0 |
|a Middle East
|c Auriana Ojeda, book editor.
|
| 260 |
0 |
0 |
|a San Diego, CA
|b Greenhaven Press
|c 2003.
|
| 300 |
0 |
0 |
|a 208 p.
|c 24 cm
|
| 440 |
0 |
0 |
|a Current controversies
|
| 500 |
0 |
0 |
|a Includes bibliographical references and indexes
|
| 650 |
0 |
0 |
|a Middle East.
|
| 700 |
1 |
1 |
|a Ojeda
|h Auriana
|d 1977-
|
| 852 |
0 |
0 |
|a 01
|
| 999 |
|
|
|a 0204710
|b KEMENTAH
|d BOOKS
|e Umum
|f Perpustakaan KEMENTAH
|j AVAILABLE
|q GOOD CONDITION
|